Drapeaux des pays d'Amérique du Sud - Mort subite - Statistiques

Statistiques générales
  • Ce quiz a été pris 1 615 fois
  • Le résultat moyen est 7 sur 12
Answers on the Grid
Answers color-coded by a green-red scale on the quiz's grid according to % correct below.
 
Statistiques - réponses
Réponse % Correct
Brésil
74%
Argentine
69%
Vénézuela
64%
Uruguay
64%
Colombie
62%
Equateur
61%
Chili
60%
Pérou
53%
Paraguay
44%
Suriname
37%
Bolivie
34%
Guyana
32%
Aucun quiz correspondant
Distribution des résultats
% des personnes avec chaque résultat
Percentile par nombre de réponses
Votre historique - résultats
Vous n’avez pas pris ce quiz